| 000 | 00814nam a22002652a 4500 | ||
|---|---|---|---|
| 001 | 22928 | ||
| 003 | BD-RjUL | ||
| 005 | 20211209000854.0 | ||
| 008 | 140309s1969 enka 000 0 rus d | ||
| 020 | _a052107357X | ||
| 035 | _a(BD-RjUL)22993 | ||
| 040 |
_aDLC _cDLC _dBD-RjUL _beng |
||
| 041 | 0 | _aruseng | |
| 082 | 0 | 0 |
_a491.78642 _bHAR 1969 |
| 100 | 1 |
_aHarley, Nadezhda. _970700 |
|
| 245 | 1 | 0 |
_aRussian tales / _cadapted and original stories by Nadezhda Harley; drawings by John Holder. |
| 260 |
_aLondon : _bCambridge University Press, _cc1969. |
||
| 300 |
_axiii, 84 p. : _billus. ; _c20 cm |
||
| 500 | _aText in Russian | ||
| 650 | 0 |
_aRussian language _vReaders. _970701 |
|
| 651 | 0 |
_aRussia _xSocial life and customs _vFiction. _970702 |
|
| 942 |
_2ddc _cBK |
||
| 999 |
_c22928 _d22928 |
||